Classic American Cars: Close-Up Quiz Stats

Quiz Updated Jun 6, 2015

Also try: Car Logos
Challenge
Share
Tweet
Score 0/25 Timer 07:00
4 Plays Today
Year and Make Model % Correct
1965 FordMustang
94.9%
1967 ChevroletCorvette
89.4%
1968 DodgeCharger
76.7%
1972 ChevroletCamaro
71.9%
1966 PontiacGTO
66.3%
1957 FordThunderbird
65.5%
1971 DodgeChallenger
61.3%
1969 PontiacFirebird
51.3%
1965 ChevroletImpala
48.2%
1969 ChevroletChevelle
47.1%
1957 ChevroletBel Air
46.1%
1971 PlymouthBarracuda
45.1%
1969 DodgeDart
42.3%
Year and Make Model % Correct
1968 MercuryCougar
41.3%
1972 OldsmobileCutlass
40.1%
1967 ChevroletNova
38.1%
1966 ChevroletCorvair
37.2%
1972 FordGran Torino
36.4%
1976 PlymouthDuster
28.5%
1959 CadillacEldorado
28.4%
1971 AMCJavelin
25.8%
1958 PlymouthFury
24.8%
1958 Chrysler300
19.1%
1969 BuickRiviera
18.2%
1976 AMCMatador
13%

You're not logged in!

Compare scores with friends on all Sporcle quizzes.
Sign Up with Email
OR
Log In

You Might Also Like...

Show Comments

Extras

Top Quizzes Today


Score Distribution

Your Account Isn't Verified!

In order to create a playlist on Sporcle, you need to verify the email address you used during registration. Go to your Sporcle Settings to finish the process.